| 000 | 00418nam a2200169Ia 4500 | ||
|---|---|---|---|
| 001 | 26196 | ||
| 003 | IN-NITTTR | ||
| 005 | 20251114233330.0 | ||
| 008 | 251113s9999||||xx |||||||||||||| ||eng|| | ||
| 040 | _beng | ||
| 040 | _cIN-NITTTR | ||
| 041 | _aeng | ||
| 082 | _a624.15 K95D | ||
| 100 | _aKurien, C. T. | ||
| 245 | 0 |
_aDesign of foundation systems : _b principles and practices. / _cKurien, C. T. |
|
| 942 |
_2ddc _cBK |
||
| 999 |
_c28825 _d28825 |
||